| 000 | 00570nam a2200205Ia 4500 | ||
|---|---|---|---|
| 003 | IN-BaIIA | ||
| 008 | 211028s9999 xx 000 0 eng d | ||
| 020 | _a978-3-642-45383-0 | ||
| 040 | _cIIA Library | ||
| 080 |
_a524.3 _bSRI |
||
| 100 |
_aSrinivasan, G _915503 |
||
| 245 | 0 |
_aLife and death of the stars _cG. Srinivasan |
|
| 260 |
_aHeidelberg _bSpringer _c2014 |
||
| 300 | _axvii, 225p. | ||
| 490 | _aUndergraduate lecture notes in physics | ||
| 650 |
_aPhysics _973 |
||
| 650 |
_aStars - evolution _910853 |
||
| 650 |
_aStars - formation _913142 |
||
| 942 | _cBK | ||
| 999 |
_c19065 _d19065 |
||